The ethics of gender-specific disease / (Record no. 4025)
[ view plain ]
| 000 -LEADER | |
|---|---|
| fixed length control field | 00423cam a2200145 a 4500 |
| 020 ## - ISBN | |
| International Standard Book Number | 9780415509978 (alk. paper) |
| 020 ## - ISBN | |
| International Standard Book Number | 0415509971 (alk. paper) |
| 050 00 - LIBRARY OF CONGRESS CALL NUMBER | |
| Classification Number | R 725.5 |
| Item Number | .C88 2012 |
| 100 1# - MAIN ENTRY--Author | |
| Personal name | Cutter, Mary Ann Gardell. |
| 245 14 - TITLE | |
| Title | The ethics of gender-specific disease / |
| Statement of responsibility, etc | Mary Ann G. Cutter. |
| 260 ## - PUBLICATION, DISTRIBUTION, ETC.(IMPRINT) | |
| Place of publication, distribution, etc | New York : |
| Name of publisher, distributor, etc | Routledge, |
| Date of publication, distribution, etc | 2012. |
| 300 ## - PHYSICAL DESCRIPTION | |
| Extent | xv, 151 p. ; |
| 650 #0 - SUBJECT--TOPIC | |
| General subdivision | Sex differences. |
| 942 ## - ADDED ENTRY ELEMENTS(KOHA) | |
| Source of classification or shelving scheme | Library of Congress Classification |
| Koha item type | General circulation |
| Source of classification or shelving scheme | Not for loan | Location (home branch) | Sublocation (holding branch) | Date accessioned | Cost, normal purchase price | Full call number | Barcode | Cost, replacement price | Nonpublic note | Koha item type |
|---|---|---|---|---|---|---|---|---|---|---|
| Library of Congress Classification | Main Campus Library | Main Campus Library | 23/06/2015 | 12600.00 | R 725.5 .C88 2012 | 2015/000374 | 13100.00 | em | General circulation |